00494nam a22001337a 4500003000500000038001800005082000800023100002800031245013800059264003500197650003200232700003800264856005800302NUST aNusrat Nadeem a200 aZeeshan, Muhammad Asaad aAutomating Clinical Documentation: A Domain-Specific Multimodal Framework for Chest X-ray Report Retrieval/cMuhammad Asaad Zeeshan,  aIslamabad:bSEECS NUST.c2025. aMS- Electrical Engineering  aSupervisor: Dr. Fahad Ahmed Satti u http://10.250.8.41:8080/xmlui/handle/123456789/54425